Hierarchy or Team? : Considerations on the Organisation of the R&D Co-operatives /

Uloženo v:
Podrobná bibliografie
Hlavní autor: Rittel, Horst W.J (autor)
Další autoři: Tybout, Richard A. (edición) (edición)
Médium: Kniha
Jazyk:angličtina
Vydáno: Stuttgart, Alemania : Ohio, EUA : Universität Stuttgart, Institut fuer Grundlagen der Planung : Ohio State University, 1967
Tagy: Přidat tag
Žádné tagy, Buďte první, kdo vytvoří štítek k tomuto záznamu!

MARC

LEADER 00000nam^a2200000^a^4500
001 000555138
005 20250526000000.0
009 20260310131713.201
037 |a Acervo ITESO - Biblioteca 
041 |a ING 
091 |a FHA. 00862 
100 |a Rittel, Horst W.J.  |e (autor) 
245 1 0 |a Hierarchy or Team? :  |b Considerations on the Organisation of the R&D Co-operatives / 
264 1 |a Stuttgart, Alemania :  |b Universität Stuttgart, Institut fuer Grundlagen der Planung :  |a Ohio, EUA :  |b Ohio State University,  |c 1967 
300 |a p. 175-218 ;  |c 21.0 cm. 
336 |a texto  |b txt  |2 rdacontenido 
337 |a sin mediación  |b n  |2 rdamedio 
338 |a volumen  |b nc  |2 rdasoporte 
515 |a Inventario familia Hartung: 1106 
649 |a XX 
700 |a Tybout, Richard A.  |e (edición) 
910 |a Fondo Horst Hartung Franz 
920 |a Impresos - Libros 
930 |a Libros Antiguos y Raros 
905 |a 135 
901 |a 0500326914  |b IT2  |c LRA  |i D  |u 20250526 
902 |a https://opac.biblio.iteso.mx/vufind/Record/000555138